| 000 | 01195nam a2200241Ia 4500 | ||
|---|---|---|---|
| 001 | 1157 | ||
| 003 | GE_BSU | ||
| 008 | 181216s||||||||xx |||||||||||||| ||und|| | ||
| 020 | _a99928445212 | ||
| 040 | _cGE_BSU | ||
| 080 | _a634 | ||
| 100 | _aნიჟარაძე, მანუჩარ: | ||
| 245 | _aკაკლის აგრობიოლოგიური ნიშათვისებებისა და გამრავლების საკითხების შესწავლა აჭარის სუბტროპიკული ზონის პირობებში | ||
| 245 | _cრედ.ჯაბნიძე რეზო, ბაკურიძე ზურაბ | ||
| 260 | _aბათუმი | ||
| 260 | _bალიონი | ||
| 260 | _c2009 | ||
| 300 | _a95 გვ. 19სმ. | ||
| 541 | _h5 ლ. | ||
| 653 | _aაგრობიოლოგია | ||
| 653 | _aკაკლის აგრობიოლოგიური გამრავლების საკითხების შესწავლა აჭარის სუბტროპიკული ზონის პირობებში | ||
| 942 | _cBK | ||
| 999 |
_c35306 _d35306 |
||